Najludniejsze polskie miasta NIE na prawach powiatu - Statystyki

Ogólne statystyki
  • Ten quiz został rozwiązany 1 160 razy
  • Średni wynik to 12 z 20
Statystyki odpowiedzi
# Liczba ludności Województwo Miasto % Poprawnych
1 69 748 wielkopolskie Piła
78%
4 67 041 kujawsko-pomorskie Inowrocław
72%
7 63 143 wielkopolskie Gniezno
70%
12 59 463 warmińsko-mazurskie Ełk
68%
3 67 155 dolnośląskie Lubin
67%
5 66 272 zachodniopomorskie Stargard
65%
9 61 637 świętokrzyskie Ostrowiec Świętokrzyski
64%
2 68 949 wielkopolskie Ostrów Wielkopolski
63%
11 60 268 łódzkie Pabianice
63%
20 51 943 łódzkie Bełchatów
62%
17 54 029 opolskie Kędzierzyn-Koźle
62%
8 61 675 dolnośląskie Głogów
61%
14 56 719 podkarpackie Mielec
60%
6 65 655 mazowieckie Pruszków
60%
16 54 631 podkarpackie Stalowa Wola
55%
15 56 676 pomorskie Tczew
55%
19 52 417 dolnośląskie Świdnica
54%
13 57 016 łódzkie Tomaszów Mazowiecki
53%
10 61 240 śląskie Tarnowskie Góry
49%
18 53 586 śląskie Będzin
48%
Nie znaleziono quizów pasujących do podanych kryteriów
Rozkład punktacji
Procent ludzi z każdym wynikiem
Percentyl według liczby udzielonych odpowiedzi
Twoja historia wyników
Nie rozwiązałeś tego quizu